00388nam a2200145Ia 450000500170000000800410001703700130005804000200007104100130009108400230010410000150012724500610014226000300020330000090023320250326125348.0250326s9999 xx 000 0 und d aTextbook aFMSLbengcFMSL aeng2eng aX9W:8D L4;11qFMSL aSharma B S 0aFicial planning in the Indian publ;ic sectorcSharma B S aDelhibDelhi, Vikasc1974 a212p